Summa Theologica, Part III (Tertia Pars) : (Record no. 249205)
[ view plain ]
| 000 -LEADER | |
|---|---|
| fixed length control field | 00897cam a22002653a 4500 |
| 001 - CONTROL NUMBER | |
| control field | 19950 |
| 003 - CONTROL NUMBER IDENTIFIER | |
| control field | PGUSA |
| 005 - DATE AND TIME OF LATEST TRANSACTION | |
| control field | 20140828083425.0 |
| 008 - FIXED-LENGTH DATA ELEMENTS--GENERAL INFORMATION | |
| fixed length control field | 061128s2006||||xxu|||||s|||||000 | eng d |
| 040 ## - CATALOGING SOURCE | |
| Original cataloging agency | PGUSA |
| Language of cataloging | eng |
| 042 ## - AUTHENTICATION CODE | |
| Authentication code | dc |
| 050 #4 - LIBRARY OF CONGRESS CALL NUMBER | |
| Classification number | BX |
| 100 1# - MAIN ENTRY--PERSONAL NAME | |
| Personal name | Thomas, Aquinas, |
| Titles and other words associated with a name | Saint, |
| Dates associated with a name | -1274 |
| 245 10 - TITLE STATEMENT | |
| Title | Summa Theologica, Part III (Tertia Pars) : |
| Remainder of title | From the Complete American Edition |
| Medium | [electronic resource] / |
| Statement of responsibility, etc | Aquinas, Thomas |
| 260 ## - PUBLICATION, DISTRIBUTION, ETC. (IMPRINT) | |
| Name of publisher, distributor, etc | Project Gutenberg, |
| Date of publication, distribution, etc | 2006 |
| 506 ## - RESTRICTIONS ON ACCESS NOTE | |
| Terms governing access | Public domain in the USA. |
| 516 ## - TYPE OF COMPUTER FILE OR DATA NOTE | |
| Type of computer file or data note | Electronic text |
| 653 ## - INDEX TERM--UNCONTROLLED | |
| Uncontrolled term | Catholic Church -- Doctrines -- Early works to 1800 |
| 653 ## - INDEX TERM--UNCONTROLLED | |
| Uncontrolled term | Theology, Doctrinal -- Early works to 1800 |
| 653 ## - INDEX TERM--UNCONTROLLED | |
| Uncontrolled term | God -- Omnipresence -- Early works to 1800 |
| 653 ## - INDEX TERM--UNCONTROLLED | |
| Uncontrolled term | God -- Attributes -- Early works to 1800 |
| 830 #0 - SERIES ADDED ENTRY--UNIFORM TITLE | |
| Uniform title | Project Gutenberg |
| Volume number/sequential designation | 19950 |
| 856 40 - ELECTRONIC LOCATION AND ACCESS | |
| Uniform Resource Identifier | <a href="http://www.gutenberg.org/ebooks/19950">http://www.gutenberg.org/ebooks/19950</a> |
| 942 ## - ADDED ENTRY ELEMENTS (KOHA) | |
| Koha item type | eBooks |
| Withdrawn status | Lost status | Damaged status | Home library | Current library | Date acquired | Total Checkouts | Date last seen | Price effective from | Koha item type |
|---|---|---|---|---|---|---|---|---|---|
| Project Gutenberg | Project Gutenberg | 08/28/2014 | 08/28/2014 | 08/28/2014 | eBooks |